[Event "Karl Mala Memorial op 11th"]
[Site "Frankfurt"]
[Date "2008.06.28"]
[Round "4"]
[White "Moser, Werner"]
[Black "Dyga, Ryszard Adam"]
[Result "1-0"]
[WhiteElo "985"]
[BlackElo "1615"]
[PlyCount "93"]
[EventDate "2008.06.26"]
[EventType "swiss"]
[EventRounds "7"]
[EventCountry "GER"]
[SourceTitle "CBM 125 Extra"]
[Source "ChessBase"]
[SourceDate "2008.09.01"]
[SourceVersion "1"]
[SourceVersionDate "2008.09.01"]
[SourceQuality "1"]

1. e4 e5 2. Nf3 Nf6 3. Nc3 Bb4 4. d4 exd4 5. Qxd4 Qe7 6. Bd3 Nc6 7. Qe3 d6 8. 0-0 0-0 9. Nd5 Nxd5 10. exd5 Qxe3 11. Bxe3 Ne7 12. a3 Ba5 13. b4 Bb6 14. Bc4 Bxe3 15. fxe3 Bg4 16. e4 Ng6 17. g3 a6 18. Rae1 Rfe8 19. Bd3 Bh3 20. Rf2 f6 21. Bf1 Bd7 22. Bd3 Re7 23. Kg2 Rae8 24. Nd2 Ne5 25. Be2 c6 26. Nc4 Nxc4 27. Bxc4 c5 28. bxc5 Rxe4 29. Rxe4 Rxe4 30. Bd3 Re5 31. cxd6 Bb5 32. c4 Bd7 33. Rb2 b5 34. Kf3 h5 35. cxb5 axb5 36. Bxb5 Bxb5 37. Rxb5 Kf8 38. a4 Ke8 39. a5 Kd7 40. a6 Kxd6 41. a7 Re8 42. Kf4 g6 43. Rb8 Re1 44. a8Q Rf1+ 45. Ke3 Re1+ 46. Kd2 Re5 47. Qc6+ 1-0

[Event "Karl Mala Memorial op 11th"]
[Site "Frankfurt"]
[Date "2008.06.27"]
[Round "3"]
[White "Schroeder, Jan Christian"]
[Black "Moser, Werner"]
[Result "1-0"]
[WhiteElo "1677"]
[BlackElo "985"]
[PlyCount "71"]
[EventDate "2008.06.26"]
[EventType "swiss"]
[EventRounds "7"]
[EventCountry "GER"]
[SourceTitle "CBM 125 Extra"]
[Source "ChessBase"]
[SourceDate "2008.09.01"]
[SourceVersion "1"]
[SourceVersionDate "2008.09.01"]
[SourceQuality "1"]

1. e4 e5 2. Nf3 Nc6 3. Bb5 Nf6 4. 0-0 a6 5. Ba4 b5 6. Bb3 d5 7. exd5 Nxd5 8. Re1 Bg4 9. h3 Bxf3 10. Qxf3 Nd4 11. Qxd5 Qxd5 12. Bxd5 Rd8 13. Rxe5+ Be7 14. Bb3 Nc6 15. Re1 f6 16. Nc3 Ne5 17. d3 Bb4 18. f4 Bc5+ 19. Kh1 Bf2 20. Re2 Bg3 21. fxe5 Bxe5 22. Bf4 Kd7 23. Bxe5 fxe5 24. Rxe5 Kd6 25. Re6+ Kc5 26. Ne4+ Kd4 27. Rf1 Rd6 28. Rf3 Rxe6 29. Bxe6 Ke5 30. Bb3 c6 31. Rf7 g6 32. Rf6 Rc8 33. Re6+ Kd4 34. Kg1 c5 35. Nd6 c4 36. Nxc8 1-0

[Event "Karl Mala Memorial op 11th"]
[Site "Frankfurt"]
[Date "2008.06.26"]
[Round "1"]
[White "Larem, Peter"]
[Black "Moser, Werner"]
[Result "1-0"]
[WhiteElo "1951"]
[BlackElo "985"]
[PlyCount "129"]
[EventDate "2008.06.26"]
[EventType "swiss"]
[EventRounds "7"]
[EventCountry "GER"]
[SourceTitle "CBM 125 Extra"]
[Source "ChessBase"]
[SourceDate "2008.09.01"]
[SourceVersion "1"]
[SourceVersionDate "2008.09.01"]
[SourceQuality "1"]

1. e4 e5 2. d4 exd4 3. c3 c5 4. cxd4 d5 5. exd5 Qxd5 6. Nc3 Qe6+ 7. Be3 cxd4 8. Qxd4 Nc6 9. Bb5 Bd7 10. Qa4 Bc5 11. 0-0-0 Bxe3+ 12. fxe3 Qxe3+ 13. Kb1 0-0-0 14. Nf3 Bf5+ 15. Ka1 Rxd1+ 16. Rxd1 Nge7 17. Re1 Qh6 18. Qc4 Be6 19. Qc5 Kb8 20. Bxc6 Nxc6 21. Qd6+ Ka8 22. Nb5 a6 23. Nc7+ Ka7 24. Qc5+ Kb8 25. Nxa6+ bxa6 26. Qb6+ Kc8 27. Qxc6+ Kd8 28. Qa8+ Bc8 29. Qd5+ Bd7 30. Ne5 Qe6 31. Nxf7+ Ke7 32. Rxe6+ Bxe6 33. Qb7+ Kf6 34. Nd6 Rd8 35. Qxa6 Ke7 36. Qa7+ Kxd6 37. Qd4+ Kc7 38. Qxg7+ Rd7 39. Qc3+ Kd8 40. Qh8+ Kc7 41. Qc3+ Kd8 42. b4 Rc7 43. Qf6+ Kd7 44. Kb2 Kd6 45. a4 Rf7 46. Qd4+ Bd5 47. b5 Re7 48. Qf4+ Kc5 49. Qf8 Kd6 50. g4 Kd7 51. Qf5+ Be6 52. Qd3+ Ke8 53. g5 Ra7 54. Qd4 Rd7 55. Qh8+ Ke7 56. Qxh7+ Kd6 57. Qd3+ Kc5 58. Qc3+ Bc4 59. g6 Rd3 60. Qe5+ Kb4 61. Kc2 Ra3 62. Qd6+ Kxa4 63. Qxa3+ Kxa3 64. b6 Bd5 65. g7 1-0